Basics of engineering economy / (Record no. 75896)

MARC details
000 -LEADER
fixed length control field 01425nam a22002417a 4500
005 - DATE AND TIME OF LATEST TRANSACTION
control field 20130523125735.0
010 ## - LCCN (DPL NO)
LC control number ENG-107254
020 ## - INTERNATIONAL STANDARD BOOK NUMBER
International Standard Book Number 9781259064814
Terms of availability 350.00
020 ## - INTERNATIONAL STANDARD BOOK NUMBER
International Standard Book Number 1259064816
Terms of availability 350.00
035 ## - SYSTEM CONTROL NUMBER
System control number EN-90787
037 ## - SOURCE OF ACQUISITION
Source of stock number/acquisition DBAD/PUB
082 ## - DEWEY DECIMAL CLASSIFICATION NUMBER
Classification number 658.15
100 ## - MAIN ENTRY--PERSONAL NAME
Personal name Blank, Leland
245 ## - TITLE STATEMENT
Title Basics of engineering economy /
Statement of responsibility, etc by Leland Blank,P.E. [and] Anthony Tarquin,P.E.
260 ## - PUBLICATION, DISTRIBUTION, ETC. (IMPRINT)
Place of publication, distribution, etc New Delhi
Name of publisher, distributor, etc Tata McGraw Hill
Date of publication, distribution, etc 2013
270 ## - ADDRESS
Address P-24, Green Park Park, Extention
City New Delhi
Postal code 110095
300 ## - PHYSICAL DESCRIPTION
Extent xi, 420p.:
Other physical details ill.
Dimensions 24cm(pbk)
500 ## - GENERAL NOTE
General note Includes index
505 ## - FORMATTED CONTENTS NOTE
Formatted contents note Foundations of Engineering Economy -- Factors : How Time and Interest Affect Money -- Nominal and Effective Interest Rates -- Present Worth Analysis -- Annual Worth Analysis -- Rate of Return Analysis -- Benefit/Cost Analysis and Public Sector Projects -- Breakeven, Sensitivity, and Payback Analysis -- Replacement and Retention Decisions -- Effects of Inflation -- Estimating Costs -- Depreciation Methods -- After-Tax Economic Analysis -- Alternative Evaluation Considering Multiple Attributes and Risk -- Appendix A: Using Spreadsheets and Microsoft Excel© -- Appendix B: Accounting : Reports and Business Ratios -- Appendix C: Final Answers to Selected Problems -- Interest Factor Tables.
650 ## - SUBJECT ADDED ENTRY--TOPICAL TERM
Topical term or geographic name as entry element Engineering economy.
700 ## - ADDED ENTRY--PERSONAL NAME
Personal name Tarquin, Anthony,P.E.
942 ## - ADDED ENTRY ELEMENTS (KOHA)
Source of classification or shelving scheme Dewey Decimal Classification
Item type English Books
Classification part 658.15
Call number suffix BLA
Holdings
Withdrawn status Lost status Not for loan Collection code Home library Current library Date acquired Source of acquisition Cost, normal purchase price Full call number Barcode Copy number Cost, replacement price Koha item type
    Not For Loan Non-fiction D.B.Act.Division D.B.Act.Division 22/05/2013 DBAD/PUB 350.00 658.15 BLA EN-90787 1 350.00 English Books

© Delhi Public Library
Hit Counter
free hit counter